Hỏi đáp về luật xây dựng /
Những quy định chung; Quy hoạch xây dựng; Dự án đầu tư xây dựng công trình; Khảo sát, thiết kế xây dựng; Xây dựng công trình; Lựa chọn nhà thầu và hợp đồng xây dựng; Quản lý nhà nước về xây dựng; Luật xây dựng.
Salvato in:
| Autore principale: | |
|---|---|
| Natura: | Libro |
| Lingua: | Vietnamese |
| Pubblicazione: |
Hà Nội :
Tư pháp,
2004.
|
| Soggetti: | |
| Tags: |
Aggiungi Tag
Nessun Tag, puoi essere il primo ad aggiungerne! !
|
| Thư viện lưu trữ: | Mạng thư viện Đại học Đà Nẵng |
|---|
| LEADER | 01396cam a2200361 a 4500 | ||
|---|---|---|---|
| 001 | 000044564 | ||
| 003 | 2966 | ||
| 005 | 20060427095114.0 | ||
| 008 | 010314b2004 vm 000 vie | ||
| 020 | |c 26000 | ||
| 040 | |a LRC |c LRC |d LRC | ||
| 041 | 0 | |a vie | |
| 082 | 1 | 4 | |a 343.597078624 |b NG-V |
| 100 | 1 | |a Nguyễn Thanh Vân. | |
| 245 | 1 | 0 | |a Hỏi đáp về luật xây dựng / |c Nguyễn Thanh Vân. |
| 260 | |a Hà Nội : |b Tư pháp, |c 2004. | ||
| 300 | |a 216 tr. ; |c 20,5 cm. | ||
| 520 | 3 | |a Những quy định chung; Quy hoạch xây dựng; Dự án đầu tư xây dựng công trình; Khảo sát, thiết kế xây dựng; Xây dựng công trình; Lựa chọn nhà thầu và hợp đồng xây dựng; Quản lý nhà nước về xây dựng; Luật xây dựng. | |
| 630 | 0 | 4 | |a Xây dựng. |
| 630 | 0 | 4 | |a Luật pháp. |
| 650 | 0 | 4 | |a Luật xây dựng |z Việt Nam. |
| OWN | |a DUT | ||
| AVA | |a UDN50 |b DUT |c Book |d 343.597078624 NG-V |e available |t Error 5001 Not defined in file expand_doc_bib_avail. |f 3 |g 0 |h N |i 0 |j SH |k 1 | ||
| 999 | |a From the UDN01 | ||
| AVA | |a UDN50 |b DUT |c Book |d 343.597078624 NG-V |e available |t Error 5001 Not defined in file expand_doc_bib_avail. |f 3 |g 0 |h N |i 0 |j SH |k 1 | ||
| TYP | |a Monograph | ||
| TYP | |a Printed language | ||
| 980 | |a Mạng thư viện Đại học Đà Nẵng | ||